Cargando...
Father Damien /
| Autor principal: | |
|---|---|
| Lenguaje: | Undetermined |
| Publicado: |
1949
|
| LEADER | 00361nam a2200121Ia 4500 | ||
|---|---|---|---|
| 001 | 73805 | ||
| 008 | 170722s9999 xx 000 0 und d | ||
| 100 | |a Maikal, Ketti | ||
| 245 | |a Father Damien / | ||
| 260 | |c 1949 | ||
| 942 | |c GEN | ||
| 999 | |c 16618 |d 16618 | ||
| 952 | |0 0 |1 0 |4 0 |6 Q_665WM40_32H9_GB |7 0 |9 19789 |a LIB |b LIB |d 2017-08-12 |o Q6:65wM40 32H9 (GB) |p 34190 |r 2017-08-12 |w 2017-08-12 |y GEN | ||